| 000 | 00621nam a2200205 i 4500 | ||
|---|---|---|---|
| 001 | 61783 | ||
| 003 | ES-MaACL | ||
| 005 | 20230906164536.0 | ||
| 007 | t| | ||
| 008 | 031113s1953 sp ||||1| spa d | ||
| 100 | 1 |
_aFarrère, Claude. _948900 |
|
| 245 | 1 | 3 |
_aLa batalla / _cClaude Farrère ; [traducción autorizada de J. Romero de Tejada]. |
| 260 |
_aBarcelona : _bMateu, _c[1953] ( _fSob. de López Robert) |
||
| 300 |
_a268 p. ; _c21 cm. |
||
| 490 | 1 | _aLa hoja perenne | |
| 700 | 1 |
_aRomero de Tejada, J. _999376 |
|
| 830 | 0 |
_aLa hoja perenne _9181731 |
|
| 852 |
_aES-MaACL _jC-6548 _bR.35326 |
||
| 999 |
_c61783 _d61783 |
||